000 00697cam a2200205 4500
008 130412n 000 0 eng u
020 _a9780123735812
035 _a(Sirsi) a178662
050 _aTP 248.2 REN 2006
100 _aRenneberg, Reinhard
245 _aBiotechnology for beginners/
_bReinhard Renneberg ; Foreword byTom A Rapoport ; edited by Arnold L Demain
250 _a2nd ed.
260 _aMunchen, Germany :
_bElseveir,
_c 2006.
300 _axix, 323 p. :
_bill.
500 _aThis book is about biotechnology
504 _aIncludes bibliographic references p333,index and credits
650 _aBiotechnology
700 _aRapoport, Tom A.
710 _aDemain, Arnold L
999 _c118572
_d118572